Frijoles: en el centro del debate político /
Sábháilte in:
| Príomhchruthaitheoir: | |
|---|---|
| Formáid: | Téacs |
| Ábhair: | |
| Clibeanna: |
Cuir clib leis
Níl clibeanna ann, Bí ar an gcéad duine le clib a chur leis an taifead seo!
|
MARC
| LEADER | 00000 a a2200000 04500 | ||
|---|---|---|---|
| 001 | 7057 | ||
| 003 | |||
| 040 | |||
| 100 | |a Posas Amador, Mario | ||
| 245 | |a Frijoles: |b en el centro del debate político / |c Mario Posas Amador | ||
| 650 | |a FRIJOLES | ||
| 650 | |a POLITICA | ||
| 650 | |a GOBIERNO | ||
| 650 | |a POLITICA GUBERNAMENTAL | ||
| 650 | |a LIBRE MERCADO | ||
| 650 | |a LIBERALIZACION DEL INTERCAMBIO | ||
| 650 | |a TIPO DE CAMBIO | ||
| 650 | |a DEFICIT | ||
| 650 | |a ELECCIONES | ||
| 773 | |g volumen 12, número 141; páginas 38-42 | ||
| 999 | |c 25727 |d 25727 | ||
